000 00668nam a2200253Ia 4500
003 OSt
005 20220918182348.0
006 a|||||r|||| 00| 0
007 ta
008 220917b |||||||| |||| 00| 0 eng d
024 _a32,100
037 _cTextual
040 _aARTS
_cARTS
_beng
041 _2eng
_aeng
082 _aO111,1L88:g, K4
100 _aGoode Clement Tyson
_960106
245 0 _aByron as critic
260 _aNew York
_bHaskell USA
_c1924
300 _a312p. illus
_ccm.
500 _aBib 305-12p
650 _aENGLISH LITERATURE
942 _hO111,1L88:g, K4
_cTEXL
_2CC
999 _c168693
_d168693